History Quiz

Random History or Politics Quiz

United States Senators by Picture Quiz Stats

 Plays Quiz not verified by Sporcle

Score 0/100 Timer 16:00
0 Plays Today
% Correct
Mitt Romney
84.7%
Mitch McConnell
83.1%
Tim Kaine
82.1%
Tim Scott
81.9%
Marco Rubio
81.9%
Ted Cruz
81.3%
Rand Paul
81%
Bernie Sanders
80.2%
Elizabeth Warren
79.9%
Kamala Harris
79.3%
Lindsey Graham
77.8%
Chuck Schumer
77.2%
Cory Booker
76.8%
Kyrsten Sinema
76.7%
Dianne Feinstein
75.9%
Patrick Leahy
75.5%
Tammy Duckworth
72%
Susan Collins
71.2%
John Cornyn
71%
Patty Murray
70.4%
Mazie Hirono
70.3%
Joni Ernst
70.2%
Lisa Murkowski
70.2%
Kirsten Gillibrand
70.2%
Richard Blumenthal
69.5%
Joe Manchin
69.5%
Doug Jones
68.9%
Marsha Blackburn
68.8%
Jon Tester
67.9%
Tammy Baldwin
67.9%
Angus King
67.6%
Bob Menendez
67.1%
Tina Smith
67.1%
Chuck Grassley
67%
% Correct
Tom Cotton
66.4%
Maggie Hassan
65.5%
Mark Warner
65.4%
Dick Durbin
65.2%
Mike Lee
63.9%
Shelley Moore Capito
62.7%
Sherrod Brown
62.6%
Brian Schatz
62.3%
Ben Sasse
61.8%
Amy Klobuchar
61.6%
Debbie Stabenow
61%
Lamar Alexander
60.4%
Maria Cantwell
60.2%
Chris Coons
59.7%
Chris Murphy
59.6%
Josh Hawley
58.9%
Cory Gardner
58.6%
John Thune
58.3%
Rob Portman
57.6%
Ben Cardin
56.7%
Cindy Hyde-Smith
56.7%
Jeanne Shaheen
56.7%
Ron Wyden
56.6%
Catherine Cortez Masto
56.3%
Roy Blunt
56.3%
Sheldon Whitehouse
55.6%
Michael Bennet
55%
James Lankford
54.9%
John Boozman
53.3%
Chris Van Hollen
52.9%
Martha McSally
52.6%
Kevin Cramer
52.6%
Richard Shelby
52.3%
Thom Tillis
51.9%
% Correct
Martin Heinrich
51.9%
John N. Kennedy
51.8%
David Perdue
51.3%
Ron Johnson
51.2%
Ed Markey
51%
Bill Cassidy
51%
Jim Inhofe
50.7%
Rick Scott
50.5%
Deb Fischer
49.4%
Richard Burr
48.9%
John Barrasso
48.9%
Pat Toomey
48.2%
Jack Reed
48.1%
Jeff Merkley
47.3%
Jim Risch
47.2%
Todd Young
47.1%
Bob Casey
47%
Pat Roberts
46.6%
Steve Daines
46.5%
Roger Wicker
45.9%
Johnny Isakson
45.7%
Dan Sullivan
45.5%
Tom Carper
45.4%
John Hoeven
45.1%
Michael Enzi
45.1%
Gary Peters
44.1%
Tom Udall
43.9%
Jacky Rosen
42.7%
Michael Crapo
42.6%
Mike Rounds
38.8%
Jerry Moran
37.7%
Mike Braun
35.7%

You're not logged in!

Compare scores with friends on all Sporcle quizzes.
OR
Log In

You Might Also Like...

Show Comments

Extras

Created Jul 13, 2014ReportNominate
Tags:Politics Quiz, congress, senator, USA

Top Quizzes Today


Score Distribution

Your Account Isn't Verified!

In order to create a playlist on Sporcle, you need to verify the email address you used during registration. Go to your Sporcle Settings to finish the process.

Report this User

Report this user for behavior that violates our Community Guidelines.

Details: